| 000 | 00364nam a2200145Ia 4500 | ||
|---|---|---|---|
| 008 | 220204s9999 xx 000 0 und d | ||
| 082 |
_a632.982 _bBIN |
||
| 100 | _aBINDRA, O S | ||
| 245 | 0 | _aPesticide application equipment. | |
| 250 | _aRev | ||
| 260 |
_aDelhi _bOxford & IBH _c1971 |
||
| 650 | _aPesticide equipment | ||
| 700 | _aHARCHARAN SINGH | ||
| 942 | _cBK | ||
| 999 |
_c25890 _d25890 |
||